RUBBER REPORTER (Record no. 16202)
[ view plain ]
| 000 -LEADER | |
|---|---|
| fixed length control field | 00457nam a2200145Ia 4500 |
| 022 ## - INTERNATIONAL STANDARD SERIAL NUMBER | |
| ISSN | 0257-859x |
| 245 #0 - TITLE STATEMENT | |
| Title | RUBBER REPORTER |
| 260 ## - PUBLICATION, DISTRIBUTION, ETC. (IMPRINT) | |
| Name of publisher | Rubber reporter, Hind Rajasthan Bldg, Bombay |
| Place of publication | India |
| 310 ## - CURRENT PUBLICATION FREQUENCY | |
| Current publication frequency | BM |
| 500 ## - GENERAL NOTE | |
| General note | Ending Volume & Year: 16, 1992 |
| 500 ## - GENERAL NOTE | |
| General note | Missing Volume: 3(3,5);4(2-3);5(3);6(3);7(4);8(2,4);9(6);10(5,6);15(6) |
| 500 ## - GENERAL NOTE | |
| General note | Starting Volume & Year: 1, 1976/77 |
| 942 ## - ADDED ENTRY ELEMENTS (KOHA) | |
| Koha item type | Bound Journal |
| Withdrawn status | Lost status | Damaged status | Not for loan | Home library | Current library | Date acquired | Accession Number | Koha item type |
|---|---|---|---|---|---|---|---|---|
| Bound journals | RRII Library | RRII Library | 31/12/2021 | 15961J | Bound Journal |